| 000 | 00518nam a22001697a 4500 | ||
|---|---|---|---|
| 005 | 20180307102855.0 | ||
| 008 | 170727b xxu||||| |||| 00| 0 eng d | ||
| 020 | _a1565642872 | ||
| 040 | _cPK-LaUMT | ||
| 082 |
_aZIAC 297.082 _bKAT-R |
||
| 100 | _aKatherine, Bullock | ||
| 245 |
_aRethinking Muslim women and the veil : challenging historical & modern stereotypes/ _cBullock Katherine |
||
| 260 |
_aLondon _bThe international institute of islamic thought _c2002 |
||
| 300 | _a275 p | ||
| 546 | _aEng | ||
| 942 | _cBK | ||
| 999 |
_c95823 _d95823 |
||